[Event "DEM U10w 2023"]
[Site "Willingen GER"]
[Date "2023.06.01"]
[Round "8"]
[White "Trush, Diana"]
[Black "Berger, Jennifer"]
[Result "0-1"]
[Termination "normal"]
[Board "9"]
[WhiteElo "1002"]
[BlackElo "1137"]
[WhiteClock "00:36:22"]
[BlackClock "00:27:14"]
[PlyCount "130"]
[WhiteFideId "34644091"]
[BlackFideId "34630074"]
[EventCountry "GER"]
[EventRounds "11"]
[EventType "swiss"]
[EventDate "2023.05.27"]

1. e4 {[%clk 01:15:54]} {[%emt 00:00:04]} e5 {[%clk 01:15:47]} {[%emt
00:00:14]} 2. Nf3 {[%clk 01:16:02]} {[%emt 00:00:20]} Nc6 {[%clk 01:15:43]}
{[%emt 00:00:37]} 3. Bc4 {[%clk 01:15:40]} {[%emt 00:00:47]} Bc5 {[%clk
01:12:16]} {[%emt 00:04:01]} 4. O-O {[%clk 01:15:23]} {[%emt 00:00:45]} Nf6
{[%clk 01:10:41]} {[%emt 00:02:07]} 5. d4 {[%clk 01:15:27]} {[%emt 00:00:25]}
Nxd4 {[%clk 01:08:11]} {[%emt 00:03:01]} 6. Nxe5 {[%clk 01:15:23]} {[%emt
00:00:32]} O-O {[%clk 01:07:37]} {[%emt 00:01:05]} 7. Be3 {[%clk 01:15:13]}
{[%emt 00:00:40]} d6 {[%clk 01:04:59]} {[%emt 00:03:07]} 8. Bxd4 {[%clk
01:13:48]} {[%emt 00:01:57]} Bxd4 {[%clk 01:05:25]} {[%emt 00:00:04]} 9. Qxd4
{[%clk 01:13:36]} {[%emt 00:00:40]} dxe5 {[%clk 01:05:41]} {[%emt 00:00:15]}
10. Qxe5 {[%clk 01:12:36]} {[%emt 00:01:31]} Re8 {[%clk 01:03:05]} {[%emt
00:03:04]} 11. Qf4 {[%clk 01:11:38]} {[%emt 00:01:27]} Rxe4 {[%clk 01:02:14]}
{[%emt 00:01:24]} 12. Qd2 {[%clk 01:11:03]} {[%emt 00:01:07]} Bf5 {[%clk
00:52:25]} {[%emt 00:10:16]} 13. Rd1 {[%clk 01:10:32]} {[%emt 00:01:02]} Qxd2
{[%clk 00:51:02]} {[%emt 00:01:53]} 14. Nxd2 {[%clk 01:10:58]} {[%emt
00:00:05]} Ree8 {[%clk 00:49:09]} {[%emt 00:02:19]} 15. c3 {[%clk 01:09:18]}
{[%emt 00:02:13]} Rad8 {[%clk 00:47:20]} {[%emt 00:02:18]} 16. Nf3 {[%clk
01:07:31]} {[%emt 00:02:18]} Rxd1+ {[%clk 00:39:30]} {[%emt 00:08:20]} 17. Rxd1
{[%clk 01:07:58]} {[%emt 00:00:02]} a6 {[%clk 00:37:37]} {[%emt 00:02:25]} 18.
Ng5 {[%clk 00:55:47]} {[%emt 00:12:41]} Bg6 {[%clk 00:36:16]} {[%emt 00:01:50]}
19. a4 {[%clk 00:54:15]} {[%emt 00:02:02]} h6 {[%clk 00:36:27]} {[%emt
00:00:19]} 20. Nf3 {[%clk 00:52:02]} {[%emt 00:02:44]} c6 {[%clk 00:33:00]}
{[%emt 00:03:57]} 21. a5 {[%clk 00:51:37]} {[%emt 00:00:54]} Re4 {[%clk
00:29:49]} {[%emt 00:03:31]} 22. Rd8+ {[%clk 00:51:11]} {[%emt 00:01:06]} Kh7
{[%clk 00:29:24]} {[%emt 00:00:55]} 23. Rd4 {[%clk 00:50:45]} {[%emt 00:00:56]}
Re7 {[%clk 00:26:10]} {[%emt 00:03:39]} 24. b4 {[%clk 00:50:50]} {[%emt
00:00:31]} Bh5 {[%clk 00:26:13]} {[%emt 00:00:27]} 25. Bd3+ {[%clk 00:49:34]}
{[%emt 00:01:46]} Bg6 {[%clk 00:25:29]} {[%emt 00:01:11]} 26. c4 {[%clk
00:44:00]} {[%emt 00:06:06]} Bxd3 {[%clk 00:25:22]} {[%emt 00:00:36]} 27. Rxd3
{[%emt 00:01:09]} Re4 {[%clk 00:24:46]} 28. c5 {[%clk 00:44:13]} {[%emt
00:00:44]} Rxb4 {[%clk 00:24:46]} {[%emt 00:00:31]} 29. h4 {[%clk 00:43:47]}
{[%emt 00:00:56]} Ra4 {[%clk 00:24:04]} {[%emt 00:01:12]} 30. Kh2 {[%clk
00:42:39]} {[%emt 00:01:37]} Rxa5 {[%clk 00:24:14]} {[%emt 00:00:22]} 31. Rc3
{[%clk 00:42:52]} {[%emt 00:00:17]} Nd5 {[%clk 00:23:30]} {[%emt 00:01:13]} 32.
Rc4 {[%clk 00:41:39]} {[%emt 00:01:41]} Rb5 {[%clk 00:23:20]} {[%emt 00:00:42]}
33. g4 {[%clk 00:41:21]} {[%emt 00:00:47]} a5 {[%clk 00:22:41]} {[%emt
00:01:10]} 34. Nd4 {[%clk 00:39:44]} {[%emt 00:02:06]} Rb4 {[%clk 00:22:51]}
{[%emt 00:00:20]} 35. Rxb4 {[%clk 00:39:56]} {[%emt 00:00:19]} Nxb4 {[%clk
00:22:05]} {[%emt 00:01:16]} 36. f4 {[%clk 00:39:39]} {[%emt 00:00:46]} a4
{[%clk 00:22:20]} {[%emt 00:00:16]} 37. Kg3 {[%clk 00:39:11]} {[%emt 00:00:57]}
a3 {[%clk 00:22:22]} {[%emt 00:00:29]} 38. g5 {[%clk 00:39:13]} {[%emt
00:00:29]} a2 {[%clk 00:21:51]} {[%emt 00:01:00]} 39. Nb3 {[%clk 00:39:06]}
{[%emt 00:00:37]} Nc2 {[%clk 00:22:11]} {[%emt 00:00:10]} 40. Kg4 {[%clk
00:38:42]} {[%emt 00:00:54]} a1=Q {[%clk 00:22:07]} {[%emt 00:00:35]} 41. Nxa1
{[%clk 00:39:05]} {[%emt 00:00:06]} Nxa1 {[%clk 00:22:32]} {[%emt 00:00:05]}
42. f5 {[%clk 00:37:44]} {[%emt 00:01:51]} hxg5 {[%clk 00:22:41]} {[%emt
00:00:21]} 43. hxg5 {[%clk 00:38:12]} {[%emt 00:00:02]} Nb3 {[%clk 00:22:57]}
{[%emt 00:00:14]} 44. Kh5 {[%clk 00:37:37]} {[%emt 00:01:05]} g6+ {[%clk
00:23:06]} {[%emt 00:00:21]} 45. fxg6+ {[%clk 00:37:52]} {[%emt 00:00:14]}
fxg6+ {[%clk 00:23:29]} {[%emt 00:00:08]} 46. Kg4 {[%clk 00:37:39]} {[%emt
00:00:43]} Nxc5 {[%clk 00:23:50]} {[%emt 00:00:09]} 47. Kf4 {[%clk 00:37:58]}
{[%emt 00:00:11]} b5 {[%clk 00:23:48]} {[%emt 00:00:33]} 48. Ke5 {[%clk
00:37:01]} {[%emt 00:01:25]} b4 {[%clk 00:22:58]} {[%emt 00:01:21]} 49. Kd4
{[%clk 00:36:45]} {[%emt 00:00:46]} b3 {[%clk 00:23:02]} {[%emt 00:00:27]} 50.
Kc3 {[%clk 00:36:43]} {[%emt 00:00:31]} Kg7 {[%clk 00:23:25]} {[%emt 00:00:07]}
51. Kc4 {[%clk 00:33:44]} {[%emt 00:03:29]} Kf7 {[%clk 00:23:37]} {[%emt
00:00:17]} 52. Kxc5 {[%clk 00:34:05]} {[%emt 00:00:09]} b2 {[%clk 00:24:04]}
{[%emt 00:00:04]} 53. Kxc6 {[%clk 00:34:25]} {[%emt 00:00:10]} b1=Q {[%clk
00:24:27]} {[%emt 00:00:08]} 54. Kd5 {[%clk 00:33:53]} {[%emt 00:01:01]} Qb6
{[%clk 00:24:34]} {[%emt 00:00:23]} 55. Ke5 {[%clk 00:34:02]} {[%emt 00:00:21]}
Qe6+ {[%clk 00:24:44]} {[%emt 00:00:19]} 56. Kf4 {[%clk 00:34:21]} {[%emt
00:00:09]} Qf5+ {[%clk 00:24:41]} {[%emt 00:00:35]} 57. Ke3 {[%clk 00:34:37]}
{[%emt 00:00:15]} Qg4 {[%clk 00:24:47]} {[%emt 00:00:23]} 58. Kf2 {[%clk
00:34:16]} {[%emt 00:00:52]} Qh3 {[%clk 00:24:52]} {[%emt 00:00:18]} 59. Kg1
{[%clk 00:34:27]} {[%emt 00:00:26]} Qa3 {[%clk 00:25:07]} {[%emt 00:00:13]} 60.
Kf1 {[%clk 00:34:46]} {[%emt 00:00:13]} Qa2 {[%clk 00:25:26]} {[%emt 00:00:10]}
61. Ke1 {[%clk 00:35:03]} {[%emt 00:01:47]} Ke6 {[%clk 00:25:47]} {[%emt
00:00:06]} 62. Kf1 {[%clk 00:35:28]} {[%emt 00:00:07]} Ke5 {[%clk 00:26:07]}
{[%emt 00:00:10]} 63. Ke1 {[%clk 00:35:50]} {[%emt 00:00:09]} Ke4 {[%clk
00:26:34]} {[%emt 00:00:03]} 64. Kd1 {[%clk 00:36:18]} {[%emt 00:00:02]} Kd3
{[%clk 00:26:53]} {[%emt 00:00:11]} 65. Ke1 {[%clk 00:36:22]} {[%emt 00:00:26]}
Qe2# {[%clk 00:27:14]} {[%emt 00:00:08]} 0-1

[Event "DEM U10w 2023"]
[Site "Willingen GER"]
[Date "2023.06.01"]
[Round "8"]
[White "Englert, Ann"]
[Black "Bayer, Klara"]
[Result "0-1"]
[Termination "normal"]
[Board "10"]
[WhiteElo "1328"]
[BlackElo "1043"]
[WhiteClock "00:30:51"]
[BlackClock "00:27:48"]
[PlyCount "64"]
[WhiteFideId "34606181"]
[BlackFideId "34658955"]
[EventCountry "GER"]
[EventRounds "11"]
[EventType "swiss"]
[EventDate "2023.05.27"]

1. d4 {[%clk 01:15:57]} {[%emt 00:00:02]} d5 {[%clk 01:15:56]} {[%emt
00:00:05]} 2. c4 {[%clk 01:16:21]} {[%emt 00:00:06]} dxc4 {[%clk 01:16:17]}
{[%emt 00:00:08]} 3. e4 {[%clk 01:16:42]} {[%emt 00:00:10]} e5 {[%clk
01:15:43]} {[%emt 00:01:03]} 4. d5 {[%clk 01:16:12]} {[%emt 00:01:00]} c6
{[%clk 01:14:11]} {[%emt 00:02:02]} 5. Bxc4 {[%clk 01:15:41]} {[%emt 00:01:01]}
cxd5 {[%clk 01:13:31]} {[%emt 00:01:11]} 6. Bxd5 {[%clk 01:13:33]} {[%emt
00:02:37]} Bb4+ {[%clk 01:09:06]} {[%emt 00:04:55]} 7. Bd2 {[%clk 01:13:01]}
{[%emt 00:01:02]} Bxd2+ {[%clk 01:07:07]} {[%emt 00:02:29]} 8. Qxd2 {[%clk
01:12:53]} {[%emt 00:00:38]} Nf6 {[%clk 01:04:16]} {[%emt 00:03:22]} 9. Nc3
{[%clk 01:12:29]} {[%emt 00:00:54]} Nxd5 {[%clk 01:01:11]} {[%emt 00:03:35]}
10. Nxd5 {[%clk 01:11:43]} {[%emt 00:01:16]} O-O {[%clk 00:59:25]} {[%emt
00:02:15]} 11. Nf3 {[%clk 01:11:53]} {[%emt 00:00:20]} Nc6 {[%clk 00:58:15]}
{[%emt 00:01:39]} 12. O-O {[%clk 01:11:43]} {[%emt 00:00:41]} Bg4 {[%clk
00:55:35]} {[%emt 00:03:10]} 13. Qc3 {[%clk 01:09:59]} {[%emt 00:02:14]} Re8
{[%clk 00:53:28]} {[%emt 00:02:37]} 14. h3 {[%clk 01:07:49]} {[%emt 00:02:39]}
Bh5 {[%clk 00:51:54]} {[%emt 00:02:04]} 15. Rac1 {[%clk 01:04:52]} {[%emt
00:03:26]} Rc8 {[%clk 00:51:12]} {[%emt 00:01:14]} 16. Qb3 {[%clk 01:04:01]}
{[%emt 00:01:20]} b6 {[%clk 00:48:05]} {[%emt 00:03:39]} 17. Qb5 {[%clk
00:53:46]} {[%emt 00:10:44]} Bxf3 {[%clk 00:46:39]} {[%emt 00:01:56]} 18. gxf3
{[%clk 00:43:24]} {[%emt 00:10:52]} Qg5+ {[%clk 00:46:00]} {[%emt 00:01:09]}
19. Kh2 {[%clk 00:40:57]} {[%emt 00:02:57]} Nd4 {[%clk 00:44:58]} {[%emt
00:01:32]} 20. Rxc8 {[%clk 00:40:03]} {[%emt 00:01:24]} Nxf3+ {[%clk 00:45:02]}
{[%emt 00:00:26]} 21. Kh1 {[%clk 00:40:16]} {[%emt 00:00:17]} Rxc8 {[%clk
00:45:24]} {[%emt 00:00:09]} 22. Qd7 {[%clk 00:39:11]} {[%emt 00:01:35]} Ra8
{[%clk 00:37:00]} {[%emt 00:08:53]} 23. Rd1 {[%clk 00:34:31]} {[%emt 00:05:10]}
h6 {[%clk 00:35:48]} {[%emt 00:01:43]} 24. Qb7 {[%clk 00:34:46]} {[%emt
00:00:14]} Rf8 {[%clk 00:33:33]} {[%emt 00:02:45]} 25. Ne7+ {[%clk 00:32:58]}
{[%emt 00:02:17]} Kh8 {[%clk 00:31:33]} {[%emt 00:02:31]} 26. Nf5 {[%clk
00:32:48]} {[%emt 00:00:40]} Qf4 {[%clk 00:28:18]} {[%emt 00:03:45]} 27. Ng3
{[%clk 00:32:20]} {[%emt 00:00:58]} Nh4 {[%clk 00:27:04]} {[%emt 00:01:44]} 28.
Rg1 {[%clk 00:29:33]} {[%emt 00:03:17]} Qf3+ {[%clk 00:27:09]} {[%emt
00:00:24]} 29. Kh2 {[%clk 00:29:53]} {[%emt 00:00:10]} Qxf2+ {[%clk 00:27:19]}
{[%emt 00:00:21]} 30. Kh1 {[%clk 00:30:16]} {[%emt 00:00:07]} Nf3 {[%clk
00:27:20]} {[%emt 00:00:30]} 31. Rg2 {[%clk 00:30:39]} {[%emt 00:00:06]} Qe1+
{[%clk 00:27:26]} {[%emt 00:00:24]} 32. Rg1 {[%clk 00:30:51]} {[%emt 00:00:18]}
Qxg1# {[%clk 00:27:48]} {[%emt 00:00:08]} 0-1

[Event "DEM U10w 2023"]
[Site "Willingen GER"]
[Date "2023.06.01"]
[Round "8"]
[White "Lu, Sheng"]
[Black "Rhein, Linnea"]
[Result "1-0"]
[Termination "normal"]
[Board "11"]
[WhiteElo "1227"]
[BlackElo "849"]
[WhiteClock "01:12:35"]
[BlackClock "00:27:14"]
[PlyCount "75"]
[WhiteFideId "34628061"]
[BlackFideId "34649018"]
[EventCountry "GER"]
[EventRounds "11"]
[EventType "swiss"]
[EventDate "2023.05.27"]

1. e4 {[%clk 01:15:59]} {[%emt 00:00:01]} e5 {[%clk 01:15:52]} {[%emt
00:00:07]} 2. Nf3 {[%clk 01:16:24]} {[%emt 00:00:05]} Nc6 {[%clk 01:16:15]}
{[%emt 00:00:08]} 3. Bc4 {[%clk 01:16:50]} {[%emt 00:00:05]} Bc5 {[%clk
01:16:32]} {[%emt 00:00:13]} 4. c3 {[%clk 01:17:15]} {[%emt 00:00:05]} d6
{[%clk 01:13:22]} {[%emt 00:03:39]} 5. d4 {[%clk 01:17:20]} {[%emt 00:00:24]}
exd4 {[%clk 01:12:41]} {[%emt 00:01:11]} 6. cxd4 {[%clk 01:17:44]} {[%emt
00:00:07]} Bb6 {[%clk 01:12:29]} {[%emt 00:00:41]} 7. h3 {[%clk 01:16:56]}
{[%emt 00:01:18]} h6 {[%emt 00:00:14]} 8. Nc3 {[%emt 00:00:23]} Nf6 {[%clk
01:12:03]} {[%emt 00:00:19]} 9. Bf4 {[%clk 01:16:46]} {[%emt 00:00:40]} Bd7
{[%clk 01:09:38]} {[%emt 00:02:57]} 10. a3 {[%clk 01:16:06]} {[%emt 00:01:10]}
Qe7 {[%clk 01:07:42]} {[%emt 00:02:25]} 11. Qd3 {[%clk 01:15:51]} {[%emt
00:00:45]} Ba5 {[%clk 01:05:41]} {[%emt 00:02:31]} 12. O-O {[%clk 01:15:54]}
{[%emt 00:00:27]} Bxc3 {[%clk 01:05:31]} {[%emt 00:00:39]} 13. bxc3 {[%clk
01:16:14]} {[%emt 00:00:10]} Nxe4 {[%clk 01:05:20]} {[%emt 00:00:41]} 14. Rfe1
{[%clk 01:15:07]} {[%emt 00:01:38]} Bf5 {[%clk 01:02:23]} {[%emt 00:03:26]} 15.
Nd2 {[%clk 01:14:16]} {[%emt 00:01:22]} O-O-O {[%clk 00:49:44]} {[%emt
00:13:09]} 16. Nxe4 {[%clk 01:14:21]} {[%emt 00:00:24]} d5 {[%clk 00:49:37]}
{[%emt 00:00:37]} 17. Nd6+ {[%clk 01:12:54]} {[%emt 00:01:57]} Qxd6 {[%clk
00:44:52]} {[%emt 00:05:14]} 18. Qxf5+ {[%clk 01:12:43]} {[%emt 00:00:43]} Qd7
{[%clk 00:44:53]} {[%emt 00:00:29]} 19. Qxd7+ {[%clk 01:12:58]} {[%emt
00:00:15]} Rxd7 {[%clk 00:45:04]} {[%emt 00:00:18]} 20. Bd3 {[%clk 01:12:59]}
{[%emt 00:00:30]} g5 {[%clk 00:44:47]} {[%emt 00:00:45]} 21. Bg3 {[%clk
01:13:12]} {[%emt 00:00:18]} Rg8 {[%clk 00:44:25]} {[%emt 00:00:52]} 22. Bf5
{[%clk 01:13:23]} {[%emt 00:00:20]} Rgd8 {[%clk 00:43:34]} {[%emt 00:01:21]}
23. Bxd7+ {[%clk 01:13:38]} {[%emt 00:00:15]} Rxd7 {[%clk 00:43:46]} {[%emt
00:00:18]} 24. h4 {[%clk 01:13:23]} {[%emt 00:00:44]} f6 {[%clk 00:43:13]}
{[%emt 00:01:04]} 25. hxg5 {[%clk 01:13:21]} {[%emt 00:00:32]} fxg5 {[%clk
00:43:09]} {[%emt 00:00:34]} 26. f4 {[%clk 01:13:39]} {[%emt 00:00:11]} gxf4
{[%clk 00:42:36]} {[%emt 00:01:04]} 27. Bxf4 {[%clk 01:13:50]} {[%emt
00:00:19]} h5 {[%clk 00:38:07]} {[%emt 00:04:59]} 28. Bg5 {[%clk 01:14:07]}
{[%emt 00:00:13]} b6 {[%clk 00:37:58]} {[%emt 00:00:40]} 29. Re8+ {[%clk
01:14:11]} {[%emt 00:00:24]} Nd8 {[%clk 00:37:54]} {[%emt 00:00:35]} 30. Rf1
{[%clk 01:14:20]} {[%emt 00:00:20]} Kb7 {[%clk 00:33:13]} {[%emt 00:05:12]} 31.
Rxd8 {[%emt 00:00:11]} Rg7 {[%emt 00:00:16]} 32. Rxd5 {[%clk 01:13:49]} {[%emt
00:00:34]} c6 {[%clk 00:32:51]} {[%emt 00:00:51]} 33. Re5 {[%clk 01:13:53]}
{[%emt 00:00:26]} Ka6 {[%clk 00:28:33]} {[%emt 00:04:48]} 34. Rb1 {[%clk
01:13:12]} {[%emt 00:01:12]} b5 {[%clk 00:28:17]} {[%emt 00:00:45]} 35. a4
{[%clk 01:12:41]} {[%emt 00:01:03]} bxa4 {[%clk 00:27:47]} {[%emt 00:00:59]}
36. Rb4 {[%clk 01:12:44]} {[%emt 00:00:28]} Rg6 {[%clk 00:27:14]} {[%emt
00:01:02]} 37. Bd8 {[%clk 01:12:35]} {[%emt 00:00:39]} Rd6 {[%emt 00:00:39]}
38. Ra5# {[%clk 01:12:35]} {[%emt 00:00:13]} 1-0

[Event "DEM U10w 2023"]
[Site "Willingen GER"]
[Date "2023.06.01"]
[Round "8"]
[White "Ruddat, Maila"]
[Black "Kübart, Ela Marie"]
[Result "0-1"]
[Termination "normal"]
[Board "12"]
[WhiteElo "1024"]
[BlackElo "1198"]
[WhiteClock "01:05:05"]
[BlackClock "00:49:25"]
[PlyCount "72"]
[WhiteFideId "34628100"]
[BlackFideId "34633723"]
[EventCountry "GER"]
[EventRounds "11"]
[EventType "swiss"]
[EventDate "2023.05.27"]

1. e4 {[%clk 01:15:41]} {[%emt 00:00:01]} e5 {[%clk 01:15:59]} {[%emt
00:00:19]} 2. Nf3 {[%clk 01:16:03]} {[%emt 00:00:08]} Nc6 {[%clk 01:16:20]}
{[%emt 00:00:08]} 3. d4 {[%clk 01:16:28]} {[%emt 00:00:06]} exd4 {[%clk
01:16:45]} {[%emt 00:00:04]} 4. Bc4 {[%clk 01:16:51]} {[%emt 00:00:07]} Nf6
{[%clk 01:17:09]} {[%emt 00:00:07]} 5. O-O {[%clk 01:17:13]} {[%emt 00:00:08]}
Nxe4 {[%clk 01:17:31]} {[%emt 00:00:07]} 6. Re1 {[%clk 01:17:34]} {[%emt
00:00:08]} d5 {[%clk 01:17:06]} {[%emt 00:00:57]} 7. Bxd5 {[%clk 01:17:52]}
{[%emt 00:00:11]} Qxd5 {[%clk 01:17:16]} {[%emt 00:00:21]} 8. Nc3 {[%clk
01:18:08]} {[%emt 00:00:14]} Qh5 {[%clk 01:17:11]} {[%emt 00:00:35]} 9. Nxe4
{[%clk 01:18:23]} {[%emt 00:00:15]} Be6 {[%clk 01:16:56]} {[%emt 00:00:45]} 10.
Bg5 {[%clk 01:18:39]} {[%emt 00:00:13]} Bd6 {[%clk 01:15:26]} {[%emt 00:01:59]}
11. c3 {[%clk 01:15:14]} {[%emt 00:03:58]} O-O {[%clk 01:06:06]} {[%emt
00:09:49]} 12. cxd4 {[%clk 01:14:25]} {[%emt 00:01:18]} Bg4 {[%clk 01:03:14]}
{[%emt 00:03:23]} 13. Ng3 {[%clk 01:10:47]} {[%emt 00:04:08]} Bxg3 {[%clk
01:02:14]} {[%emt 00:01:30]} 14. hxg3 {[%clk 01:10:46]} {[%emt 00:00:30]} Bxf3
{[%clk 01:02:14]} {[%emt 00:00:29]} 15. Qxf3 {[%clk 01:10:58]} {[%emt
00:00:18]} Qxg5 {[%clk 01:02:24]} {[%emt 00:00:21]} 16. d5 {[%clk 01:10:54]}
{[%emt 00:00:35]} Ne7 {[%clk 01:00:25]} {[%emt 00:02:26]} 17. Rad1 {[%clk
01:10:55]} {[%emt 00:00:32]} Rad8 {[%clk 01:00:24]} {[%emt 00:00:30]} 18. Qb3
{[%clk 01:10:11]} {[%emt 00:01:12]} b6 {[%clk 00:58:29]} {[%emt 00:02:22]} 19.
Qa3 {[%clk 01:09:20]} {[%emt 00:01:26]} Rxd5 {[%clk 00:55:54]} {[%emt
00:03:04]} 20. Rxd5 {[%clk 01:08:54]} {[%emt 00:00:56]} Nxd5 {[%clk 00:54:54]}
{[%emt 00:01:32]} 21. Qxa7 {[%clk 01:08:46]} {[%emt 00:00:36]} f5 {[%clk
00:52:39]} {[%emt 00:02:40]} 22. Rd1 {[%clk 01:08:13]} {[%emt 00:01:09]} f4
{[%clk 00:51:43]} {[%emt 00:01:24]} 23. gxf4 {[%clk 01:08:30]} {[%emt
00:00:15]} Nxf4 {[%clk 00:51:36]} {[%emt 00:00:37]} 24. Qb7 {[%clk 01:08:05]}
{[%emt 00:00:56]} Qg4 {[%clk 00:49:19]} {[%emt 00:02:41]} 25. Rd4 {[%clk
01:06:44]} {[%emt 00:01:56]} Ne2+ {[%clk 00:49:00]} {[%emt 00:00:43]} 26. Kf1
{[%clk 01:07:04]} {[%emt 00:00:13]} Nxd4 {[%clk 00:49:06]} {[%emt 00:00:26]}
27. Qd5+ {[%clk 01:05:18]} {[%emt 00:02:16]} Kh8 {[%clk 00:48:59]} {[%emt
00:00:35]} 28. Kg1 {[%clk 01:03:27]} {[%emt 00:02:23]} Qd1+ {[%clk 00:48:48]}
{[%emt 00:00:40]} 29. Kh2 {[%clk 01:03:45]} {[%emt 00:00:14]} Nf3+ {[%clk
00:48:02]} {[%emt 00:00:59]} 30. Qxf3 {[%clk 01:03:53]} {[%emt 00:00:39]} Rxf3
{[%clk 00:48:21]} {[%emt 00:00:12]} 31. gxf3 {[%clk 01:04:13]} {[%emt
00:00:09]} Qxf3 {[%clk 00:48:34]} {[%emt 00:00:15]} 32. a4 {[%clk 01:04:05]}
{[%emt 00:00:41]} g5 {[%clk 00:48:54]} {[%emt 00:00:10]} 33. b4 {[%clk
01:04:24]} {[%emt 00:00:11]} g4 {[%clk 00:49:14]} {[%emt 00:00:09]} 34. a5
{[%clk 01:04:23]} {[%emt 00:00:29]} Qxf2+ {[%clk 00:49:30]} {[%emt 00:00:17]}
35. Kh1 {[%clk 01:04:42]} {[%emt 00:00:11]} g3 {[%clk 00:49:46]} {[%emt
00:00:14]} 36. a6 {[%clk 01:05:05]} {[%emt 00:00:07]} Qh2# {[%clk 00:49:25]}
{[%emt 00:00:19]} 0-1

[Event "DEM U10w 2023"]
[Site "Willingen GER"]
[Date "2023.06.01"]
[Round "8"]
[White "Kryvak, Mariia"]
[Black "Lange, Lene Marie"]
[Result "1-0"]
[Termination "normal"]
[Board "13"]
[WhiteElo "1083"]
[BlackElo "1168"]
[WhiteClock "01:18:05"]
[BlackClock "00:45:23"]
[PlyCount "79"]
[WhiteFideId "34164413"]
[BlackFideId "34639748"]
[EventCountry "GER"]
[EventRounds "11"]
[EventType "swiss"]
[EventDate "2023.05.27"]

1. e4 {[%clk 01:15:58]} {[%emt 00:00:01]} c5 {[%clk 01:15:52]} {[%emt
00:00:09]} 2. Nf3 {[%clk 01:16:12]} {[%emt 00:00:15]} Nc6 {[%clk 01:16:10]}
{[%emt 00:00:12]} 3. Bc4 {[%clk 01:16:22]} {[%emt 00:00:20]} g6 {[%clk
01:16:01]} {[%emt 00:00:39]} 4. Ng5 {[%clk 01:16:19]} {[%emt 00:00:33]} e6
{[%clk 01:16:11]} {[%emt 00:00:21]} 5. Nf3 {[%clk 01:16:29]} {[%emt 00:00:20]}
Bg7 {[%clk 01:16:07]} {[%emt 00:00:33]} 6. O-O {[%clk 01:16:40]} {[%emt
00:00:19]} Nge7 {[%clk 01:14:57]} {[%emt 00:01:40]} 7. Nc3 {[%clk 01:16:49]}
{[%emt 00:00:22]} O-O {[%clk 01:14:57]} {[%emt 00:00:30]} 8. d3 {[%clk
01:17:15]} {[%emt 00:00:04]} Qc7 {[%clk 01:12:36]} {[%emt 00:02:50]} 9. Be3
{[%clk 01:17:27]} {[%emt 00:00:18]} b6 {[%clk 01:11:41]} {[%emt 00:01:25]} 10.
Qd2 {[%clk 01:17:07]} {[%emt 00:00:50]} Bb7 {[%clk 01:09:04]} {[%emt 00:03:07]}
11. Nb5 {[%clk 01:17:12]} {[%emt 00:00:24]} Qc8 {[%clk 01:06:10]} {[%emt
00:03:20]} 12. Nd6 {[%clk 01:17:13]} {[%emt 00:00:33]} Qc7 {[%clk 01:06:04]}
{[%emt 00:00:36]} 13. Bf4 {[%clk 01:17:24]} {[%emt 00:00:18]} e5 {[%clk
01:05:44]} {[%emt 00:00:50]} 14. Nb5 {[%clk 01:17:39]} {[%emt 00:00:16]} Qc8
{[%clk 01:05:45]} {[%emt 00:00:29]} 15. Be3 {[%clk 01:17:48]} {[%emt 00:00:21]}
a6 {[%clk 01:05:16]} {[%emt 00:00:59]} 16. Nc3 {[%clk 01:18:11]} {[%emt
00:00:06]} Qc7 {[%clk 01:01:07]} {[%emt 00:04:39]} 17. a3 {[%clk 01:17:11]}
{[%emt 00:01:31]} Nd4 {[%clk 01:00:21]} {[%emt 00:01:16]} 18. Qd1 {[%clk
01:16:19]} {[%emt 00:01:23]} Rad8 {[%clk 00:58:32]} {[%emt 00:02:19]} 19. Bg5
{[%clk 01:15:58]} {[%emt 00:00:50]} d6 {[%clk 00:54:04]} {[%emt 00:04:57]} 20.
Nxd4 {[%clk 01:15:52]} {[%emt 00:00:37]} cxd4 {[%clk 00:53:45]} {[%emt
00:00:48]} 21. Nd5 {[%clk 01:15:50]} {[%emt 00:00:33]} Bxd5 {[%clk 00:54:00]}
{[%emt 00:00:15]} 22. Bxd5 {[%clk 01:16:09]} {[%emt 00:00:10]} Rc8 {[%clk
00:53:45]} {[%emt 00:00:44]} 23. Bb3 {[%clk 01:16:12]} {[%emt 00:00:29]} Nc6
{[%clk 00:52:28]} {[%emt 00:01:46]} 24. h3 {[%clk 01:15:56]} {[%emt 00:00:46]}
Na5 {[%clk 00:52:20]} {[%emt 00:00:39]} 25. Bd5 {[%clk 01:15:40]} {[%emt
00:00:45]} Qxc2 {[%clk 00:52:05]} {[%emt 00:00:45]} 26. Qxc2 {[%clk 01:15:39]}
{[%emt 00:00:31]} Rxc2 {[%clk 00:52:23]} {[%emt 00:00:13]} 27. b4 {[%clk
01:15:53]} {[%emt 00:00:17]} Nc6 {[%clk 00:50:12]} {[%emt 00:02:41]} 28. Rac1
{[%clk 01:15:49]} {[%emt 00:00:33]} Rxc1 {[%clk 00:50:10]} {[%emt 00:00:31]}
29. Rxc1 {[%clk 01:16:11]} {[%emt 00:00:09]} Na7 {[%clk 00:48:54]} {[%emt
00:01:46]} 30. Rc7 {[%clk 01:16:19]} {[%emt 00:00:22]} Nb5 {[%clk 00:48:55]}
{[%emt 00:00:29]} 31. Rc6 {[%clk 01:16:17]} {[%emt 00:00:32]} Nxa3 {[%clk
00:48:37]} {[%emt 00:00:48]} 32. Rxb6 {[%clk 01:16:35]} {[%emt 00:00:12]} h6
{[%clk 00:48:01]} {[%emt 00:01:05]} 33. Be7 {[%clk 01:16:45]} {[%emt 00:00:21]}
Rc8 {[%clk 00:46:31]} {[%emt 00:01:59]} 34. Rxa6 {[%clk 01:16:21]} {[%emt
00:00:55]} Rc1+ {[%clk 00:46:42]} {[%emt 00:00:19]} 35. Kh2 {[%clk 01:16:50]}
{[%emt 00:00:01]} Rc3 {[%clk 00:45:12]} {[%emt 00:01:59]} 36. Ra8+ {[%clk
01:17:06]} {[%emt 00:00:14]} Kh7 {[%clk 00:45:22]} {[%emt 00:00:20]} 37. Bxf7
{[%clk 01:17:07]} {[%emt 00:00:29]} Rxd3 {[%clk 00:45:32]} {[%emt 00:00:20]}
38. Bg8+ {[%clk 01:17:22]} {[%emt 00:00:15]} Kh8 {[%clk 00:45:12]} {[%emt
00:00:50]} 39. Bc4+ {[%clk 01:17:41]} {[%emt 00:00:11]} Kh7 {[%clk 00:45:23]}
{[%emt 00:00:18]} 40. Bxd3 {[%clk 01:18:05]} {[%emt 00:00:06]} 1-0